Marcatori dell'Inghilterra ai Mondiali - Qatar 2022 - Statistics

Statistiche generali
  • Questo quiz è stato fatto 21 volte
  • Il punteggio medio è 9 su 13
Statistiche sulle risposte
Partita Minuto Marcatore % Corretto
Inghilterra - Senegal 3-0 46' Harry Kane
100%
Inghilterra - Francia 1-2 54' Harry Kane
100%
Inghilterra - Iran 6-2 43' Bukayo Saka
72%
Inghilterra - Iran 6-2 62' Bukayo Saka
72%
Inghilterra - Senegal 3-0 57' Bukayo Saka
72%
Inghilterra - Iran 6-2 36' Jude Bellingham
72%
Galles - Inghilterra 0-3 51' Phil Foden
72%
Inghilterra - Iran 6-2 71' Marcus Rashford
67%
Galles - Inghilterra 0-3 50' Marcus Rashford
67%
Galles - Inghilterra 0-3 68' Marcus Rashford
67%
Inghilterra - Iran 6-2 90' Jack Grealish
44%
Inghilterra - Iran 6-2 46' Raheem Sterling
33%
Inghilterra - Senegal 3-0 38' Jordan Henderson
17%
Nessun quiz corrispondente trovato
Distribuzione punteggi
Percentuale di utenti per punteggio
Percentile per numero di risposta
I tuoi punteggi nel tempo
Non hai fatto questo quiz